| 000 | 00736cam a22002413a 4500 | ||
|---|---|---|---|
| 001 | 17237 | ||
| 003 | PGUSA | ||
| 005 | 20140828083352.0 | ||
| 008 | 051205s2005||||xxu|||||s|||||000 1 eng d | ||
| 040 |
_aPGUSA _beng |
||
| 042 | _adc | ||
| 050 | 4 | _aPS | |
| 100 | 1 |
_aBacheller, Irving, _d1859-1950 |
|
| 245 | 1 | 2 |
_aA Man for the Ages : _bA Story of the Builders of Democracy _h[electronic resource] / _cIrving Bacheller |
| 260 |
_bProject Gutenberg, _c2005 |
||
| 506 | _aPublic domain in the USA. | ||
| 516 | _aElectronic text | ||
| 653 | _aLincoln, Abraham, 1809-1865 -- Fiction | ||
| 700 | 1 |
_aAdams, John Wolcott, _d1874-1925 |
|
| 830 | 0 |
_aProject Gutenberg _v17237 |
|
| 856 | 4 | 0 | _uhttp://www.gutenberg.org/ebooks/17237 |
| 942 | _cEB | ||
| 999 |
_c246492 _d246492 |
||